header

The poem of a life (Record no. 158769)

MARC details
000 -LEADER
fixed length control field 02125nam a2200337 a 4500
082 04 - DEWEY DECIMAL CLASSIFICATION NUMBER
Classification number 811/.52
-- B
100 1# - MAIN ENTRY--AUTHOR NAME
Personal name Scroggins, Mark,
245 14 - TITLE STATEMENT
Title The poem of a life
260 ## - PUBLICATION, DISTRIBUTION, ETC. (IMPRINT)
Place of publication [Emeryville, CA] :
Name of publisher Shoemaker & Hoard :
-- [Distributed by Publishers Group West],
Year of publication c2007.
300 ## - PHYSICAL DESCRIPTION
Number of Pages xii, 572 p., [8] p. of plates :
Other physical details ill.
500 ## - GENERAL NOTE
General note Distributor from jacket.
505 0# - FORMATTED CONTENTS NOTE
Formatted contents note A Lower East Side youth, 1904-1920 -- An ernster mensch at Columbia, 1920-1924 -- The lean twenties, 1924-1928 -- A thousand fiddles playing Bach, 1928-1930 -- "A"-1 through "A"-7 -- "Objectivists" : 1930-1931 -- At the helm of an avant-garde, 1932-1933 -- Politics and poetry, 1934-1935 -- Culture and design, 1936-1940 -- "A"-8 and first half of "A"-9 -- The home front, 1940-1945 -- A new life, 1946-1951 -- "A"-9 (second half) through "A"-12 -- The great world, 1952-1957 -- Going westward, 1958-1960 -- The darker world, 1961-1963 -- Short poems : contingencies and sequences -- Becoming a classic, 1964-1966 -- "A"-13 through "A"-20 -- Retiring, 1966-1969 -- At port, 1970-1978 -- "A"-21 through "A"-24 -- 80 flowers and "Gamut, 90 trees" -- Afterword : 1978-1980.
650 #0 - SUBJECT ADDED ENTRY--TOPICAL TERM
Topical Term Poets, American
856 40 - ELECTRONIC LOCATION AND ACCESS
Uniform Resource Identifier http://site.ebrary.com/lib/rucke/Doc?id=10320171

No items available.

© 2026 Rongo University
Contact us: librarian | system librarian | Rongo university